[Event "ZAZ Cup"]
[Site "Zaporozhye"]
[Date "2004.09.23"]
[Round "5"]
[White "Rogovski, Vladimir"]
[Black "Ljukin, Sergei"]
[Result "1-0"]
[WhiteElo "2486"]
[BlackElo "2365"]
[PlyCount "67"]
[EventDate "2004.09.19"]
[Source "Roberto Alvarez"]
[SourceDate "2004.10.18"]

1. e4 e6 2. d4 d5 3. Nc3 Bb4 4. Bd2 dxe4 5. Qg4 Qxd4 6. Nf3 Qf6 7. O-O-O h5 8. Qxe4 Bd6 9. Bg5 Qf5 10. Qxf5 exf5 11. Bb5+ Bd7 12. Rhe1+ Kf8 13. Bxd7 Nxd7 14. Nb5 Re8 15. Rxe8+ Kxe8 16. Nxd6+ cxd6 17. Nd4 g6 18. Nb5 Ngf6 19. Nxd6+ Kf8 20. Nxb7 Kg7 21. f3 Re8 22. b3 Re2 23. Rd2 Re1+ 24. Kb2 Nf8 25. c4 Ne6 26. h4 Nxg5 27. hxg5 Nh7 28. c5 Nxg5 29. Nd8 Ne6 30. Nxe6+ Rxe6 31. b4 Kf6 32. b5 Ke7 33. Kc3 Re1 34. c6 1-0

[Event "POL Team Ch"]
[Site "Porabka"]
[Date "1986.??.??"]
[Round "?"]
[White "Bielczyk, Jacek"]
[Black "Schmidt, Wlodzimierz"]
[Result "1/2-1/2"]
[WhiteElo "2390"]
[BlackElo "2450"]
[PlyCount "22"]
[EventDate "1986.??.??"]
[Source "www.chesslib.no"]
[SourceDate "2004.05.04"]

1. e4 e6 2. d4 d5 3. Nc3 Bb4 4. Bd2 dxe4 5. Qg4 Qxd4 6. Nf3 h5 7. Qxe6+ Bxe6 8. Nxd4 Bd7 9. Nxe4 Bxd2+ 10. Kxd2 Nc6 11. Nxc6 Bxc6 1/2-1/2

[Event "Yerevan"]
[Site "Yerevan"]
[Date "1980.??.??"]
[Round "7"]
[White "Vitolinsh, Alvis"]
[Black "Karlsson, Lars"]
[Result "0-1"]
[WhiteElo "2430"]
[BlackElo "2405"]
[PlyCount "90"]
[EventDate "1980.06.??"]
[Source "ChessBase"]

1. e4 e6 2. d4 d5 3. Nc3 Bb4 4. Bd2 dxe4 5. Qe2 Bxc3 6. Bxc3 Nf6 7. O-O-O Qd5 8. Kb1 b6 9. Nh3 Ba6 10. Qe3 Bxf1 11. Rhxf1 Nbd7 12. Nf4 Qb7 13. Qh3 Nd5 14. Bd2 O-O-O 15. c4 N5f6 16. Bc3 Kb8 17. d5 e5 18. Nh5 Nxh5 19. Qxh5 g6 20. Qh4 f5 21. g4 Qa6 22. b3 Qa3 23. gxf5 gxf5 24. Rg1 Qf8 25. Rg5 Rg8 26. Rdg1 Qf6 27. Qh5 Rxg5 28. Rxg5 Rf8 29. h4 Rf7 30. b4 f4 31. Qe2 e3 32. fxe3 f3 33. Qf2 h6 34. Rg8+ Kb7 35. Kb2 Qf5 36. Rg1 Qe4 37. Rd1 Qxc4 38. d6 Qe2+ 39. Qxe2 fxe2 40. Re1 cxd6 41. Rxe2 b5 42. Rg2 Kc6 43. Bd2 Nb6 44. Kc3 Nc4 45. a4 a6 0-1

[Event "La Coruna op"]
[Site "?"]
[Date "1996.??.??"]
[Round "?"]
[White "Outerelo Ucha Manuel"]
[Black "Psakhis Lev"]
[Result "0-1"]
[WhiteElo "2245"]
[BlackElo "2590"]
[PlyCount "120"]
[EventDate "1996.??.??"]
[Source "www.chesslib.no"]
[SourceDate "2004.05.04"]

1. e4 e6 2. d4 d5 3. Nc3 Bb4 4. Bd2 Ne7 5. Bd3 Nd7 6. Nf3 c5 7. O-O O-O 8. exd5 exd5 9. a3 Bxc3 10. Bxc3 c4 11. Be2 Ng6 12. Ne5 Nf6 13. b3 cxb3 14. cxb3 Nf4 15. Bf3 Bf5 16. Bd2 Ne6 17. Be3 Rc8 18. Nd3 Qd6 19. Nc5 b6 20. Nxe6 Qxe6 21. Rc1 Qd6 22. b4 Rxc1 23. Bxc1 h6 24. Qa4 Qc7 25. Be3 Bg4 26. Rc1 Qb8 27. Qd1 Bxf3 28. Qxf3 Rc8 29. g3 Rxc1+ 30. Bxc1 Qd6 31. Qf5 Qc6 32. Bf4 a6 33. Kg2 Ne4 34. Be3 Nd6 35. Qe5 Nc4 36. Qb8+ Kh7 37. Bc1 Qe6 38. Qf4 b5 39. Qf3 Kg6 40. Qd3+ Qe4+ 41. Qxe4+ dxe4 42. f3 exf3+ 43. Kxf3 Kf5 44. g4+ Ke6 45. Ke4 Nd6+ 46. Kd3 Kd5 47. h4 Ne4 48. Ke3 g5 49. h5 f6 50. Bb2 Nd6 51. Bc1 f5 52. gxf5 Nxf5+ 53. Kf3 Nxd4+ 54. Kg4 Ke6 55. Bb2 Nc2 56. Bg7 Ne3+ 57. Kf3 Nf5 58. Bc3 Kf7 59. Kg4 Ne3+ 60. Kf3 Nd5 0-1

[Event "COL Ch"]
[Site "Colombia"]
[Date "1988.??.??"]
[Round "5"]
[White "Acosta, Alejandro COL"]
[Black "Zapata, Alonso"]
[Result "1/2-1/2"]
[WhiteElo "2325"]
[BlackElo "2500"]
[PlyCount "46"]
[EventDate "1988.??.??"]
[Source "www.chesslib.no"]
[SourceDate "2004.05.04"]

1. e4 e6 2. d4 d5 3. Nc3 Bb4 4. Bd2 dxe4 5. Qg4 Qxd4 6. O-O-O f5 7. Qh5+ g6 8. Qh3 Qg7 9. Bc4 Nc6 10. Nge2 Bd7 11. Nf4 Qe5 12. Qg3 Nge7 13. a3 Bd6 14. Nb5 Qc5 15. Nxd6+ cxd6 16. Bxe6 O-O-O 17. Bc3 Rhe8 18. Bf6 Ne5 19. Kb1 Kb8 20. Bxd7 Rxd7 21. Ne6 Qc6 22. Bxe5 dxe5 23. Qxe5+ Kc8 1/2-1/2

[Event "Corr"]
[Site "?"]
[Date "1995.??.??"]
[Round "?"]
[White "Denaro Pasquale"]
[Black "Boissel Brice"]
[Result "0-1"]
[WhiteElo "2225"]
[BlackElo "2595"]
[PlyCount "34"]
[EventDate "1995.??.??"]
[Source "www.chesslib.no"]
[SourceDate "2004.05.04"]

1. e4 e6 2. d4 d5 3. Nc3 Bb4 4. Bd2 dxe4 5. Qg4 Nf6 6. Qxg7 Rg8 7. Qh6 Qxd4 8. O-O-O Bf8 9. Qh4 Rg4 10. Qh3 Qxf2 11. Be2 Rg6 12. g4 Qc5 13. Be3 Qa5 14. g5 Rxg5 15. Qh4 Rg6 16. Nh3 Nbd7 17. Rhf1 Be7 0-1

[Event "Linares Anibal op 9th"]
[Site "Linares"]
[Date "2002.03.05"]
[Round "5"]
[White "De la Villa Garcia, Jesus Maria"]
[Black "Caselas Cabanas, Jacobo"]
[Result "1/2-1/2"]
[WhiteElo "2451"]
[BlackElo "2361"]
[PlyCount "44"]
[EventDate "2002.03.01"]
[Source "ChessBase"]
[SourceDate "2002.05.03"]

1. e4 e6 2. d4 d5 3. Nc3 Bb4 4. Bd2 Nf6 5. e5 Bxc3 6. bxc3 Ne4 7. Qg4 Kf8 8. Bc1 c5 9. Bd3 Nc6 10. Nf3 Nxc3 11. dxc5 f5 12. exf6 Qxf6 13. Bg5 Qf7 14. Qg3 Bd7 15. O-O Kg8 16. Ne5 Nxe5 17. Qxe5 Na4 18. Be3 Rc8 19. Rab1 Bc6 20. Rbe1 Qf6 21. Qh5 Be8 22. Qe2 Bg6 1/2-1/2

[Event "SWE Ch"]
[Site "Malmo SWE"]
[Date "1986.??.??"]
[Round "?"]
[White "Brynell, Stellan"]
[Black "Renman, Nils-Gustaf"]
[Result "1/2-1/2"]
[WhiteElo "2345"]
[BlackElo "2460"]
[PlyCount "74"]
[EventDate "1986.07.??"]
[Source "www.chesslib.no"]
[SourceDate "2004.05.04"]

1. e4 e6 2. d4 d5 3. Nc3 Bb4 4. Bd2 dxe4 5. Qg4 Qxd4 6. Nf3 Nh6 7. Qf4 e5 8. Qxe5+ Qxe5 9. Nxe5 O-O 10. O-O-O Ng4 11. Nxg4 Bxg4 12. Re1 Nc6 13. Nxe4 Bf5 14. Bxb4 Nxb4 15. a3 Rfe8 16. axb4 Rxe4 17. Rxe4 Bxe4 18. f3 Bd5 19. Bd3 a5 20. bxa5 Rxa5 21. Re1 Kf8 22. Kd2 Be6 23. Bxh7 Rg5 24. Be4 Rxg2+ 25. Re2 Rg5 26. Bxb7 Rb5 27. Be4 Rxb2 28. Rg2 Rb5 29. Ke3 Rh5 30. Kf4 g6 31. Rg5 Rxg5 32. Kxg5 Kg7 33. f4 Bd7 34. c3 Ba4 35. Bd3 Bd1 36. Bb1 Be2 37. Bc2 Bb5 1/2-1/2

[Event "Baden-Baden Open"]
[Site "Baden-Baden GER"]
[Date "1993.??.??"]
[Round "6"]
[White "Herbrechtsmeier, Christof"]
[Black "Uhlmann, Wolfgang"]
[Result "1/2-1/2"]
[WhiteElo "2285"]
[BlackElo "2510"]
[PlyCount "117"]
[EventDate "1993.08.??"]
[Source "www.chesslib.no"]
[SourceDate "2004.05.04"]

1. e4 e6 2. d4 d5 3. Nc3 Bb4 4. Bd2 dxe4 5. Qg4 Nf6 6. Qxg7 Rg8 7. Qh6 Bxc3 8. bxc3 Nbd7 9. h3 b6 10. c4 Bb7 11. Qe3 h5 12. Ne2 Qe7 13. Bc1 e5 14. Ba3 exd4 15. Nxd4 Qe5 16. Rb1 O-O-O 17. Nb5 a6 18. Bb2 Qg5 19. Qxg5 Rxg5 20. Bc1 Rg6 21. Nc3 e3 22. Bxe3 Bxg2 23. Bxg2 Rxg2 24. Ke2 Re8 25. Kf3 Rg6 26. Rbg1 Ne5+ 27. Kf4 Nxc4 28. Rxg6 fxg6 29. Bc1 Re6 30. Kg5 Kd7 31. Kh6 Ng8+ 32. Kh7 Ne7 33. Bg5 c6 34. Rg1 Nf5 35. Bf4 Na3 36. Rxg6 Nxc2 37. Na4 Re7+ 38. Kh8 Re4 39. Nxb6+ Ke8 40. Bg5 Ncd4 41. Rf6 Re2 42. Nc4 Rxf2 43. Ne5 Rxa2 44. Rg6 Ne7 45. Rd6 Ndf5 46. Re6 Re2 47. Bxe7 Nxe7 48. Kg7 a5 49. Kf6 Rf2+ 50. Kg7 a4 51. Nxc6 Kd7 52. Rxe7+ Kxc6 53. Kg6 a3 54. Ra7 a2 55. h4 Kb6 56. Ra3 Rc2 57. Kxh5 Rc5+ 58. Kg6 Ra5 59. Rxa2 1/2-1/2

[Event "Voronezh op 6th"]
[Site "Voronezh"]
[Date "2002.06.19"]
[Round "7"]
[White "Varavin, Viktor"]
[Black "Sultangareev, Marat"]
[Result "1-0"]
[WhiteElo "2476"]
[BlackElo "2318"]
[PlyCount "70"]
[EventDate "2002.06.12"]
[Source "ChessBase"]
[SourceDate "2002.07.08"]

1. e4 e6 2. d4 d5 3. Nc3 Bb4 4. Bd2 dxe4 5. Qg4 Qxd4 6. Nf3 Nh6 7. Qxe6+ Bxe6 8. Nxd4 Bd7 9. O-O-O Nf5 10. Ndb5 Na6 11. Nxe4 Bxd2+ 12. Rxd2 Bc6 13. Ng3 Ne7 14. Nd4 O-O-O 15. Bxa6 bxa6 16. Re1 Rhe8 17. Nh5 Bxg2 18. Nxg7 Rg8 19. Rxe7 Rxg7 20. Ne6 Rxd2 21. Kxd2 Rg6 22. Nc5 Rd6+ 23. Ke3 Kd8 24. Rxf7 Rh6 25. Rd7+ Ke8 26. Rxc7 Rh3+ 27. Kd4 Rxh2 28. Rxa7 Rh4+ 29. Ke5 Rh5+ 30. Kd4 Rh4+ 31. Kc3 h5 32. Rxa6 Bd5 33. b4 Kf8 34. Rd6 Bh1 35. a4 Rf4 1-0

[Event "RUS-Cup"]
[Site "?"]
[Date "2000.??.??"]
[Round "6"]
[White "Jerozkij Valerij"]
[Black "Alekseev Vadim"]
[Result "0-1"]
[WhiteElo "2340"]
[BlackElo "2440"]
[PlyCount "114"]
[EventDate "2000.??.??"]
[Source "www.chesslib.no"]
[SourceDate "2004.05.04"]

1. e4 e6 2. d4 d5 3. Nc3 Bb4 4. Bd2 Ne7 5. a3 Ba5 6. Qg4 O-O 7. e5 c5 8. dxc5 Nbc6 9. Nf3 Ng6 10. Qh5 d4 11. Ne4 Qd5 12. Bd3 Bxd2+ 13. Kxd2 Nce7 14. Rae1 f5 15. Neg5 h6 16. g3 Bd7 17. Nh3 Be8 18. Nh4 Nxh4 19. Qxh4 Ng6 20. Qh5 Nxe5 21. Qe2 Nf3+ 22. Kc1 Nxe1 23. Rxe1 Bf7 24. Nf4 Qxc5 25. Nxe6 Bxe6 26. Qxe6+ Kh8 27. Re5 Qc6 28. Qxc6 bxc6 29. Bxf5 Rae8 30. Rc5 Re2 31. f3 Rxh2 32. Be4 h5 33. Rxc6 Rh3 34. Rg6 Rf6 35. Rg5 g6 36. b4 Kg7 37. Kb2 Kh6 38. Rd5 Rxg3 39. Rxd4 h4 40. Rd1 h3 41. Rh1 Rgxf3 42. Bxf3 Rxf3 43. c4 g5 44. c5 g4 45. c6 Kg5 46. b5 Rf5 47. a4 Rc5 48. Rh2 Kf6 49. Ka3 a5 50. Rh1 Ke7 51. Rb1 Kd8 52. b6 Kc8 53. Rg1 Rc4 54. Kb3 h2 55. Rh1 Rb4+ 56. Kc3 g3 57. Kd3 Rxb6 0-1

[Event "SWE Ch"]
[Site "Stockholm SWE"]
[Date "1987.??.??"]
[Round "?"]
[White "Hartman, Christer"]
[Black "Wiedenkeller, Michael"]
[Result "1/2-1/2"]
[WhiteElo "2315"]
[BlackElo "2460"]
[PlyCount "34"]
[EventDate "1987.06.??"]
[Source "www.chesslib.no"]
[SourceDate "2004.05.04"]

1. e4 e6 2. d4 d5 3. Nc3 Bb4 4. Bd2 dxe4 5. Qg4 Qxd4 6. O-O-O h5 7. Qe2 Bd7 8. Nxe4 Bxd2+ 9. Rxd2 Qa4 10. a3 Bc6 11. Nc5 Qa5 12. Qe5 Na6 13. Qxg7 Nxc5 14. Qxh8 Ne4 15. Nf3 Nxd2 16. Qxg8+ Ke7 17. Qxa8 Nxf3 1/2-1/2

[Event "Corr"]
[Site "?"]
[Date "2001.05.20"]
[Round "?"]
[White "Cijs Peter J.G.(NED)"]
[Black "Hoebel Hartmut (GER)"]
[Result "0-1"]
[WhiteElo "2348"]
[BlackElo "2422"]
[PlyCount "70"]
[EventDate "2001.??.??"]
[Source "www.chesslib.no"]
[SourceDate "2004.05.04"]

1. e4 e6 2. d4 d5 3. Nc3 Bb4 4. Bd2 dxe4 5. Qg4 Nf6 6. Qxg7 Rg8 7. Qh6 Qxd4 8. Nge2 Qe5 9. Bf4 Qf5 10. Ng3 Qg6 11. Qxg6 Bxc3+ 12. bxc3 Rxg6 13. Bxc7 Nc6 14. Bd6 h5 15. h4 e5 16. Bb5 Ng4 17. Bc5 e3 18. Nxh5 Nxf2 19. Rg1 Ng4 20. O-O-O f5 21. Ng3 Nf2 22. Rd6 Rxd6 23. Bxd6 f4 24. Nh5 Kf7 25. Bxc6 Ke6 26. Bxe5 Kxe5 27. Bf3 Bg4 28. Bxg4 Nxg4 29. Rd1 Rh8 30. c4 Nf6 31. Nxf6 Kxf6 32. Rh1 Kf5 33. Kd1 Rg8 34. Rh2 Rd8+ 35. Ke1 Kg4 0-1

[Event "Moscow RUS"]
[Site "?"]
[Date "1996.??.??"]
[Round "?"]
[White "Frog Ilya"]
[Black "Mesropov Konstantin"]
[Result "0-1"]
[WhiteElo "2380"]
[BlackElo "2375"]
[PlyCount "80"]
[EventDate "1996.??.??"]
[Source "www.chesslib.no"]
[SourceDate "2004.05.04"]

1. e4 e6 2. d4 d5 3. Nc3 Bb4 4. Bd2 Ne7 5. Nf3 Bxc3 6. Bxc3 dxe4 7. Nd2 f5 8. Qh5+ Ng6 9. f3 e3 10. Nc4 O-O 11. g3 Nd7 12. f4 b5 13. Nxe3 Bb7 14. Rg1 c5 15. O-O-O Nf6 16. Qe2 c4 17. Bg2 Bxg2 18. Qxg2 Nd5 19. Nxd5 exd5 20. Bb4 Re8 21. Rge1 Qd7 22. Re5 Nxe5 23. dxe5 d4 24. Bd6 d3 25. Qd5+ Kh8 26. cxd3 cxd3 27. Qxd3 Rac8+ 28. Kb1 Rc4 29. b3 Re4 30. a3 a6 31. Qc2 Qc8 32. Bc7 h6 33. Qc6 Qe6 34. Qc3 Rc8 35. Kb2 Kh7 36. Rd2 a5 37. Rc2 a4 38. Qd3 axb3 39. Qxb3 Qxb3+ 40. Kxb3 Rc4 0-1

[Event "New York op"]
[Site "New York"]
[Date "1989.??.??"]
[Round "4"]
[White "De la Villa Garcia, Jesus Maria"]
[Black "Reyes, Romuel"]
[Result "1-0"]
[WhiteElo "2430"]
[BlackElo "2315"]
[PlyCount "57"]
[EventDate "1989.03.??"]
[Source "ChessBase"]

1. e4 e6 2. d4 d5 3. Nc3 Bb4 4. Bd2 Nf6 5. e5 Ng8 6. f4 b6 7. Nf3 Qd7 8. Nb5 Bf8 9. c4 c6 10. Nc3 Ne7 11. Rc1 Bb7 12. Qb3 dxc4 13. Bxc4 Nf5 14. O-O Nxd4 15. Nxd4 Qxd4+ 16. Kh1 Ba6 17. Nb1 Bc5 18. f5 Bxc4 19. Rxc4 Qd5 20. Nc3 Qxd2 21. fxe6 Na6 22. exf7+ Ke7 23. Rcf4 Nc7 24. R4f3 Ne6 25. Qa4 Rac8 26. Qxa7+ Rc7 27. f8=Q+ Rxf8 28. Rxf8 Rxa7 29. R1f7# 1-0

[Event "ch-Kiev"]
[Site "?"]
[Date "2005.01.17"]
[Round "3"]
[White "Ianovsky Alexander"]
[Black "Galinsky Timofey"]
[Result "0-1"]
[WhiteElo "2328"]
[BlackElo "2416"]
[PlyCount "66"]
[EventDate "2005.??.??"]
[Source "www.chesslib.no"]
[SourceDate "2004.05.04"]

1. e4 e6 2. d4 d5 3. Nc3 Bb4 4. Bd2 dxe4 5. Qg4 Nf6 6. Qxg7 Rg8 7. Qh6 Qxd4 8. O-O-O Rg6 9. Qh4 Rg4 10. Qh6 Bf8 11. Qh3 Qxf2 12. Nb5 Na6 13. Qb3 Qb6 14. Nh3 Bd7 15. Be2 Rxg2 16. Nf4 Rxe2 17. Nxe2 Qxb5 18. Qxb5 Bxb5 19. Nd4 Bd7 20. Bg5 Ng4 21. Rhg1 f5 22. Rd2 Nc5 23. h3 Ne5 24. Bf4 Ncd3+ 25. cxd3 Nxd3+ 26. Rxd3 exd3 27. Kd2 Kf7 28. Kxd3 Bd6 29. Bxd6 cxd6 30. Rc1 Rc8 31. Rxc8 Bxc8 32. Nb5 Ke7 33. Nxa7 Bd7 0-1

[Event "ESP Ch"]
[Site "ESP"]
[Date "1989.??.??"]
[Round "4"]
[White "De la Villa Garcia, Jesus Maria"]
[Black "Comas Fabrego, Luis"]
[Result "1-0"]
[WhiteElo "2430"]
[BlackElo "2305"]
[PlyCount "165"]
[EventDate "1989.10.??"]
[Source "www.chesslib.no"]
[SourceDate "2004.05.04"]

1. e4 e6 2. d4 d5 3. Nc3 Bb4 4. Bd2 dxe4 5. Qg4 Nf6 6. Qxg7 Rg8 7. Qh6 Rg6 8. Qe3 Bxc3 9. Qxc3 Nc6 10. Ne2 Bd7 11. Nf4 Rg8 12. O-O-O Qe7 13. Bc4 O-O-O 14. Rhe1 Qd6 15. Be3 Ne7 16. g3 Kb8 17. Qb3 Ned5 18. Be2 Nb6 19. Qc3 Nfd5 20. Qc5 f6 21. c4 Nxe3 22. fxe3 Rg5 23. Qxd6 cxd6 24. b3 Kc7 25. Rf1 Rf8 26. Rf2 Nc8 27. Bf1 Ne7 28. Bg2 f5 29. c5 d5 30. Bf1 h5 31. Be2 Rh8 32. Kd2 h4 33. Rg1 hxg3 34. Rxg3 Rxg3 35. hxg3 Rg8 36. Rg2 Ng6 37. Rh2 Nxf4 38. gxf4 b6 39. b4 a5 40. Rh7 axb4 41. Bb5 bxc5 42. dxc5 Rg2+ 43. Kc1 Rxa2 44. c6 Ra5 45. Rxd7+ Kc8 46. Rb7 Ra3 47. Re7 Ra5 48. Rb7 Ra3 49. Kb2 Rxe3 50. Ba6 Ra3 51. Ra7+ Kb8 52. c7+ Kxa7 53. c8=Q Rxa6 54. Qc7+ Ka8 55. Kc2 d4 56. Qc8+ Ka7 57. Qd7+ Kb8 58. Qxd4 Kc7 59. Qxb4 Rc6+ 60. Kd2 Rd6+ 61. Ke3 Rd3+ 62. Ke2 Kd7 63. Qf8 Rd6 64. Qf7+ Kc6 65. Qe7 Kc5 66. Qc7+ Rc6 67. Qe5+ Kc4 68. Ke3 Kb4 69. Qd4+ Kb5 70. Kf2 Rc5 71. Kg3 Rd5 72. Qf6 Rd6 73. Kh4 Kc4 74. Qe5 Rc6 75. Kg5 Kd3 76. Qb5+ Rc4 77. Qd7+ Rd4 78. Qxe6 e3 79. Qxf5+ Re4 80. Qb5+ Rc4 81. Qb3+ Kd4 82. Qd1+ Ke4 83. Kg4 1-0

[Event "Wuerzburg Open"]
[Site "Wuerzburg"]
[Date "1992.??.??"]
[Round "?"]
[White "Graf, Gerd"]
[Black "Uhlmann, Wolfgang"]
[Result "0-1"]
[WhiteElo "2240"]
[BlackElo "2495"]
[PlyCount "56"]
[EventDate "1992.??.??"]
[Source "www.chesslib.no"]
[SourceDate "2004.05.04"]

1. e4 e6 2. d4 d5 3. Nc3 Bb4 4. Bd2 dxe4 5. Qg4 Nf6 6. Qxg7 Rg8 7. Qh6 Rg6 8. Qh4 Nbd7 9. O-O-O Bxc3 10. Bxc3 b6 11. Bb5 Bb7 12. Ne2 Nd5 13. Qxh7 Qf6 14. Qh3 O-O-O 15. Be1 e3 16. fxe3 Rh8 17. Qf3 Qxf3 18. gxf3 Nxe3 19. Rd3 Bxf3 20. Rg1 Bxe2 21. Bxd7+ Kxd7 22. Rxg6 Bxd3 23. Rg3 Nxc2 24. Rxd3 Nxe1 25. Rg3 Rxh2 26. Kd1 Nc2 27. a3 Nxd4 28. Rd3 e5 0-1

[Event "OHRA-B"]
[Site "Amsterdam"]
[Date "1985.??.??"]
[Round "3"]
[White "Bosboom, Manuel"]
[Black "Bohm, Hans"]
[Result "0-1"]
[WhiteElo "2340"]
[BlackElo "2395"]
[PlyCount "48"]
[EventDate "1985.07.??"]
[Source "ChessBase"]

1. e4 e6 2. d4 d5 3. Nc3 Bb4 4. Bd2 Nc6 5. Bb5 Nge7 6. e5 Bd7 7. Bxc6 Bxc6 8. Nf3 Nf5 9. a4 a6 10. O-O O-O 11. Ne2 Be7 12. Nf4 a5 13. Nh5 Be8 14. Re1 Kh8 15. Qc1 c5 16. Ra3 cxd4 17. Rd3 f6 18. Nf4 Bd7 19. g4 Nh6 20. Nxd4 Nxg4 21. Rh3 fxe5 22. Nfxe6 Qb6 23. c4 Bxe6 24. Qc2 Bg8 0-1

[Event "Virxe Peregrina Open 18th"]
[Site "?"]
[Date "2002.08.14"]
[Round "2.1"]
[White "Outerelo Ucha Manuel"]
[Black "Luther Thomas"]
[Result "0-1"]
[WhiteElo "2181"]
[BlackElo "2551"]
[PlyCount "36"]
[EventDate "2002.??.??"]
[Source "www.chesslib.no"]
[SourceDate "2004.05.04"]

1. e4 e6 2. d4 d5 3. Nc3 Bb4 4. Bd2 dxe4 5. Qg4 Qxd4 6. O-O-O f5 7. Qg3 Bd6 8. Bf4 Bxf4+ 9. Qxf4 Qc5 10. f3 Nf6 11. g4 O-O 12. gxf5 Qxf5 13. Qxc7 Nc6 14. fxe4 Nxe4 15. Nxe4 Qxe4 16. Qg3 Nb4 17. Qg2 Qe3+ 18. Kb1 Bd7 0-1

[Event "Alushta Autumn III"]
[Site "Alushta"]
[Date "2002.09.28"]
[Round "3"]
[White "Pisakov, Ilia"]
[Black "Nikitin, Andrey"]
[Result "1-0"]
[WhiteElo "2260"]
[BlackElo "2471"]
[PlyCount "79"]
[EventDate "2002.09.27"]
[Source "ChessBase"]
[SourceDate "2002.11.06"]

1. e4 e6 2. d4 d5 3. Nc3 Bb4 4. Bd2 dxe4 5. Qg4 Nf6 6. Qxg7 Rg8 7. Qh6 Rg6 8. Qh4 Qxd4 9. Nf3 Qc5 10. Nxe4 Nxe4 11. Qxe4 Bxd2+ 12. Nxd2 f5 13. Qh4 Qe7 14. Qxe7+ Kxe7 15. f4 b6 16. Nf3 Nd7 17. O-O-O Bb7 18. Bb5 Rd8 19. Nd4 Nc5 20. Rhe1 Ne4 21. g3 Rd6 22. Bc4 c5 23. Nf3 Rh6 24. Rxd6 Nxd6 25. Nh4 Be4 26. Be2 b5 27. c3 Bc6 28. b4 c4 29. a4 bxa4 30. Bxc4 Be4 31. Ba2 Rf6 32. c4 Rf8 33. c5 Nb5 34. Bb1 Nc3 35. Bxe4 Nxe4 36. Kb2 a5 37. bxa5 Rb8+ 38. Ka3 Rb3+ 39. Ka2 Rb5 40. Ka3 1-0

[Event "Lushki A"]
[Site "Serpukhov"]
[Date "2004.11.27"]
[Round "12"]
[White "Moskalenko, Alex"]
[Black "Palekha, Alexey"]
[Result "1-0"]
[WhiteElo "2319"]
[BlackElo "2400"]
[PlyCount "101"]
[EventDate "2004.11.19"]
[Source "Roberto Alvarez"]
[SourceDate "2004.12.06"]

1. e4 e6 2. d4 d5 3. Nc3 Bb4 4. Bd2 Ne7 5. a3 Bxc3 6. Bxc3 b6 7. Bd3 Ba6 8. Bxa6 Nxa6 9. Qg4 O-O 10. Nf3 Nb8 11. Bd2 Nd7 12. Bg5 Kh8 13. O-O Qe8 14. exd5 Nxd5 15. c4 N5f6 16. Qf4 Qc8 17. Rfe1 c5 18. Rad1 Qb7 19. Re3 cxd4 20. Qxd4 h6 21. Qh4 Ng8 22. Bf4 Ndf6 23. Red3 Qe4 24. Bd6 Qxh4 25. Nxh4 Rfe8 26. Nf3 Ne7 27. Ne5 Kg8 28. b4 Nf5 29. g4 Nxd6 30. Rxd6 Rac8 31. f3 Rc7 32. Nc6 Nd7 33. Kf2 f5 34. gxf5 exf5 35. Rxd7 Rxc6 36. Rxa7 Rxc4 37. Rdd7 g5 38. Rg7+ Kh8 39. Rh7+ Kg8 40. Rxh6 f4 41. Kg2 Re3 42. Rxb6 Rc2+ 43. Kh3 Rxf3+ 44. Kg4 Rfc3 45. Rb8+ Rc8 46. Rxc8+ Rxc8 47. b5 Rf8 48. Kf3 g4+ 49. Kf2 Rc8 50. b6 Rc2+ 51. Ke1 1-0

[Event "Karvina (Czech Republic)"]
[Site "?"]
[Date "2005.07.??"]
[Round "4"]
[White "Zilka Stepan"]
[Black "Jedynak Radoslaw"]
[Result "1/2-1/2"]
[WhiteElo "2323"]
[BlackElo "2394"]
[PlyCount "141"]
[EventDate "2005.??.??"]
[Source "www.chesslib.no"]
[SourceDate "2004.05.04"]

1. e4 e6 2. d4 d5 3. Nc3 Bb4 4. Bd2 dxe4 5. Qg4 Nf6 6. Qxg7 Rg8 7. Qh6 Qxd4 8. O-O-O Bf8 9. Qh4 Rg4 10. Qh3 Qxf2 11. Be2 Rh4 12. Qxh4 Qxh4 13. g3 e3 14. gxh4 exd2+ 15. Kxd2 Bh6+ 16. Ke1 Bd7 17. Nh3 Bc6 18. Rf1 Nbd7 19. Ng5 Ke7 20. Bb5 Bxb5 21. Nxb5 Ne5 22. Rd2 Rg8 23. Re2 Bxg5 24. hxg5 Rxg5 25. Nxa7 Ned7 26. Ref2 Ra5 27. Nc8+ Kd8 28. Rxf6 Nxf6 29. Rxf6 Kxc8 30. Rxf7 Rxa2 31. Rxh7 Rxb2 32. Kd2 Rb5 33. h4 b6 34. h5 Kb7 35. Re7 Rd5+ 36. Kc3 Rxh5 37. Rxe6 c6 38. Rg6 b5 39. Rg3 Kb6 40. Kb3 c5 41. Rg8 Rh3+ 42. Kb2 Ka5 43. Rg4 Rh2 44. Rf4 Re2 45. Rh4 Rd2 46. Rg4 Rd4 47. Rg8 Re4 48. Kb3 c4+ 49. Kb2 Kb4 50. Rg3 Ka4 51. Ra3+ Kb4 52. Rg3 Re5 53. Rh3 Re7 54. Rg3 Rc7 55. Rg4 Ka4 56. Ka2 Ra7 57. Kb2 Ra6 58. Rh4 Rc6 59. Ka2 Rc5 60. Rg4 Rc8 61. Rh4 b4 62. Rh7 Rb8 63. Rc7 Kb5 64. Kb2 Ra8 65. Rb7+ Kc5 66. Rc7+ Kd5 67. Rb7 Ra4 68. Rb8 Kd6 69. Rc8 b3 70. cxb3 cxb3 71. Kxb3 1/2-1/2

[Event "Paris Ch"]
[Site "Paris FRA"]
[Date "1990.??.??"]
[Round "?"]
[White "Demarre, Jacques"]
[Black "Apicella, Manuel"]
[Result "0-1"]
[WhiteElo "2325"]
[BlackElo "2390"]
[PlyCount "80"]
[EventDate "1990.05.??"]
[Source "www.chesslib.no"]
[SourceDate "2004.05.04"]

1. e4 e6 2. d4 d5 3. Nc3 Bb4 4. Bd2 dxe4 5. Qg4 Qxd4 6. O-O-O Nf6 7. Qxg7 Rg8 8. Qh6 Rg6 9. Qh4 Be7 10. Nf3 Qc5 11. Nxe4 Nxe4 12. Qxe4 Nc6 13. Bc3 Bd7 14. Nd4 O-O-O 15. f4 Nxd4 16. Rxd4 Bc6 17. Rxd8+ Bxd8 18. Qd3 Qf2 19. Qd2 Qxd2+ 20. Kxd2 Bxg2 21. Bxg2 Rxg2+ 22. Kd3 Rf2 23. Bd2 Kd7 24. Be3 Rg2 25. a4 a6 26. h3 Be7 27. b3 f5 28. c3 Bd6 29. c4 Bb4 30. c5 Kc6 31. Kc4 Bxc5 32. Bxc5 Rc2+ 33. Kb4 Rxc5 34. a5 Rb5+ 35. Ka4 Rd5 36. b4 Rd4 37. Rf1 Kd5 38. Rc1 Kd6 39. Rf1 c5 40. Kb3 Rxb4+ 0-1

[Event "98"]
[Site "?"]
[Date "1998.??.??"]
[Round "4"]
[White "Hjorth Greg"]
[Black "Dgebuadze Alexandre"]
[Result "0-1"]
[WhiteElo "2240"]
[BlackElo "2470"]
[PlyCount "44"]
[EventDate "1998.??.??"]
[Source "www.chesslib.no"]
[SourceDate "2004.05.04"]

1. e4 e6 2. d4 d5 3. Nc3 Bb4 4. Bd2 dxe4 5. Qg4 Nf6 6. Qxg7 Rg8 7. Qh6 Rg6 8. Qh4 Bxc3 9. Bxc3 Nc6 10. Ne2 Ne7 11. Ng3 Qd5 12. Be2 Bd7 13. O-O O-O-O 14. f3 Nf5 15. Nxf5 exf5 16. fxe4 Nxe4 17. Bf3 Rdg8 18. g3 Bc6 19. Qf4 Nxg3 20. Bxd5 Ne4+ 21. Kh1 Bxd5 22. Qxf5+ Kb8 0-1

[Event "Bielsko Biala"]
[Site "Bielsko Biala"]
[Date "1988.??.??"]
[Round "10"]
[White "Bielczyk, Jacek"]
[Black "Gizynski, Tomasz"]
[Result "1/2-1/2"]
[WhiteElo "2385"]
[BlackElo "2325"]
[PlyCount "35"]
[EventDate "1988.??.??"]
[Source "www.chesslib.no"]
[SourceDate "2004.05.04"]

1. e4 e6 2. d4 d5 3. Nc3 Bb4 4. Bd2 dxe4 5. Qg4 Qxd4 6. O-O-O h5 7. Qh4 Be7 8. Bg5 Bxg5+ 9. Qxg5 Qf6 10. Qg3 Qh6+ 11. Kb1 Nf6 12. Qxc7 O-O 13. Bb5 Nd5 14. Nxd5 exd5 15. Ne2 Nc6 16. Nc3 Be6 17. Nxd5 Rac8 18. Qg3 1/2-1/2

[Event "Oberliga Baden 9495"]
[Site "?"]
[Date "1995.01.15"]
[Round "5.2"]
[White "Brendel Oliver"]
[Black "Solomunovic Igor"]
[Result "1/2-1/2"]
[WhiteElo "2370"]
[BlackElo "2330"]
[PlyCount "68"]
[EventDate "1995.??.??"]
[Source "www.chesslib.no"]
[SourceDate "2004.05.04"]

1. e4 e6 2. d4 d5 3. Nc3 Bb4 4. Bd2 dxe4 5. Qg4 Qxd4 6. Nf3 h5 7. Qxe6+ Bxe6 8. Nxd4 Bxc3 9. Bxc3 Bd7 10. Nb5 Bxb5 11. Bxb5+ c6 12. Bc4 Nf6 13. Bxf6 gxf6 14. O-O-O Ke7 15. Rde1 f5 16. f3 Nd7 17. fxe4 f4 18. Rhf1 Ne5 19. Bb3 a5 20. a4 Rag8 21. Rxf4 Rxg2 22. Ref1 Rg4 23. Rf5 Rxe4 24. Bxf7 h4 25. Bb3 Rh6 26. Rg5 Kd6 27. h3 Re3 28. Rgf5 Nd7 29. R5f3 Rxf3 30. Rxf3 Ne5 31. Rf4 Rg6 32. Kd1 Rg1+ 33. Ke2 Ng6 34. Re4 Rg5 1/2-1/2